000 00313nam a2200121Ia 4500
005 20251222152644.0
008 251222s9999||||xx |||||||||||||| ||spa||
020 _a 8471308118
082 _a346.4607/S23/T.II
100 _aSánchez Calero, Fernando
245 0 _aInstituciones de Derecho Mercantil:
942 _cLIB
999 _c28199
_d28199